English phonetics and phonology : A practical course

It includes updated references, fuller coverage of intonation, and a new chapter on different varieties of English with illustrative recorded material. At the end of each chapter in the book there are notes giving information on further reading, discussion of the more challenging issues, written exe...

Volledige beschrijving

Bewaard in:
Bibliografische gegevens
Hoofdauteur: Roach, Peter
Formaat: Boek
Taal:Vietnamese
Gepubliceerd in: UK Cambridge University Press 2009
Editie:4th ed.
Onderwerpen:
Tags: Voeg label toe
Geen labels, Wees de eerste die dit record labelt!
Thư viện lưu trữ: Thư viện Trường Đại học Nam Cần Thơ
LEADER 01163nam a22002177a 4500
001 NCT_95678
008 220114b xxu||||| |||| 00| 0 vie d
999 |c 4753  |d 4753 
020 |a 9780521717403  |c 1191000 
082 0 4 |2 23rd ed.  |a 421.5  |b R628 
100 1 |a Roach, Peter  
245 1 0 |a English phonetics and phonology :  |b A practical course  |c Peter Roach 
250 |a 4th ed. 
260 |a UK  |b Cambridge University Press  |c 2009 
300 |a xii, 231 p.  |b ill.  |c 25cm  |e 2 CD - ROM 
504 |a Includes bibliographical references and index 
520 3 |a It includes updated references, fuller coverage of intonation, and a new chapter on different varieties of English with illustrative recorded material. At the end of each chapter in the book there are notes giving information on further reading, discussion of the more challenging issues, written exercises and, where appropriate, suggestions for teachers.  
653 |a Cơ bản 
942 |2 ddc  |c BK 
952 |0 0  |1 0  |2 ddc  |4 0  |6 421_500000000000000_R628  |7 0  |9 22131  |a 000001  |b 000001  |d 2022-01-14  |o 421.5 R628  |p MD.19194  |r 2022-01-14  |v 999999.99  |w 2022-01-14  |y BK 
980 |a Thư viện Trường Đại học Nam Cần Thơ